Dua Lipa - Paroles IDGAF - Statistiques

Statistiques générales
  • Ce quiz a été pris 36 fois
  • Le résultat moyen est 384 sur 435
Statistiques - réponses
Hint Réponse % Correct
a
100%
a,
100%
a)
100%
call
100%
'Cause
100%
'cause
100%
don't
100%
go
100%
I
100%
me,
100%
me
100%
me)
100%
Pré-refrain So
100%
So,
100%
to
100%
Couplet 1 | Refrain You
100%
you
100%
you,
100%
your
100%
Your
100%
for
97%
if
97%
miss
97%
need
97%
off,
97%
off
97%
tell
97%
we
97%
Well,
97%
about
93%
Bridge About
93%
all
93%
busy
93%
but
93%
But
93%
friend
93%
friendly,
93%
funny,
93%
give
93%
I'm
93%
it,
93%
it
93%
love
93%
my
93%
no,
93%
now
93%
now)
93%
on
93%
say
93%
shut
93%
sorry,
93%
that
93%
think
93%
too
93%
(Too
93%
up,
93%
up
93%
boy,
90%
Boy,
90%
(Boy,
90%
business,
90%
care
90%
cut
90%
Pré-refrain Cut
90%
get
90%
Get
90%
(get
90%
guess
90%
heard
90%
how
90%
it's
90%
late
90%
much
90%
That's
90%
you're
90%
already
87%
said
87%
time
87%
why
87%
enough
83%
is
83%
I've
83%
songs
83%
the
83%
when
83%
been
80%
can
80%
done,
80%
done
80%
girl
80%
goodbye
80%
got
80%
made
80%
tellin'
80%
want
80%
cried
77%
decision
77%
find
77%
I'll
77%
Since
77%
try
77%
was
77%
who
77%
wrong
77%
yesterday,
77%
you've
77%
best
73%
born
73%
gone,
73%
have
73%
knees
73%
knees,
73%
listen
73%
movin'
73%
remember
73%
in
70%
save
70%
see
70%
creepin'
67%
damn
67%
wants
67%
weekend
67%
caught
63%
alcohol
60%
over
60%
sleep
60%
and
57%
beggin'
57%
blamed
57%
position,
57%
man
53%
past
53%
Play
50%
switch
47%
tryna
47%
victim
47%
were
47%
back
43%
bed,
43%
keep
43%
stop
43%
talk
43%
talk,
43%
ain't
40%
comin'
37%
sweet
37%
through,
23%
reminiscin'
20%
uh,
10%
uh
10%
Aucun quiz correspondant
Distribution des résultats
% des personnes avec chaque résultat
Percentile par nombre de réponses
Votre historique - résultats
Vous n’avez pas pris ce quiz